|
|
|
|
| LEADER |
01089nam a2200253 i 4500 |
| 001 |
c000241167 |
| 003 |
CARM |
| 005 |
00000000000000.0 |
| 008 |
840306s1977 dcu 0 eng d |
| 019 |
1 |
|
|a 10214186
|5 LACONCORD2021
|
| 035 |
|
|
|a (OCoLC)3563863
|5 LACONCORD2021
|
| 082 |
0 |
4 |
|a 332.672
|
| 100 |
1 |
|
|a Walrath, Arthur J.
|q (Arthur Joseph),
|d 1913-
|
| 245 |
1 |
0 |
|a Evaluation of investment opportunities :
|b tools for decisionmaking in farming and other businesses /
|c Arthur J. Walrath.
|
| 250 |
|
|
|a Rev. ed.
|
| 260 |
|
|
|a Washington :
|b U.S. Dept. of Agriculture, Economic Research Service ,
|c 1977.
|
| 300 |
|
|
|a 102p.
|
| 490 |
1 |
|
|a Agriculture handbook ;
|v no.349
|
| 650 |
|
0 |
|a Investments
|x Mathematical models.
|
| 700 |
1 |
|
|a Gibson, W. L.
|q (William Lloyd),
|d 1910-
|
| 830 |
|
0 |
|a Agriculture handbook (United States. Dept. of Agriculture) ;
|v no.349.
|
| 852 |
8 |
|
|b CARM
|h A1:AQ27E0
|i F01917
|p 0360122
|f BK
|
| 999 |
f |
f |
|i e6b049ae-399f-5132-ad16-5f2bb15da912
|s c0785916-6866-5c1e-9573-43c883ba2a43
|
| 952 |
f |
f |
|p Can circulate
|a CAVAL
|b CAVAL
|c CAVAL
|d CARM 1 Store
|e F01917
|f A1:AQ27E0
|h Other scheme
|i book
|m 0360122
|